| 000 | 00834cam a2200241 i 4500 | ||
|---|---|---|---|
| 003 | SA-RiAUC | ||
| 005 | 20250219082649.0 | ||
| 008 | 250218s1957 ua g b 00000cara c | ||
| 040 |
_aSA-JeALM _bara _cSA-RiAUC _erda |
||
| 082 | 0 | 4 |
_a920.02 _qSA-RiAUC |
| 090 |
_a 920.02 _b ح و ف |
||
| 100 | 1 |
_aالحوفي، أحمد محمد، _d1910-1983 _eمؤلف. |
|
| 245 | 1 | 2 |
_aالبطولة والأبطال / _cأحمد محمد الحوفي. |
| 264 | 1 |
_aالقاهرة : _bمكتبة نهضة مصر، _c(1957) |
|
| 300 |
_a308 صفحة ؛ _c22 سم. |
||
| 336 |
_aنص _btxt _2rdacontent _3كتاب |
||
| 337 |
_aبدون وسيط _bn _2rdamedia |
||
| 338 |
_aمجلد _bnc _2rdacarrier |
||
| 650 | 7 |
_aتراجم _2aucsh |
|
| 942 |
_2ddc _cBOOK _n0 |
||
| 949 |
_aSA-JeALM _d250218 _uosman123 _n1 |
||
| 999 |
_c6093 _d6093 |
||